| 000 | 00478cam a2200205 4500 | ||
|---|---|---|---|
| 001 | D9791 | ||
| 008 | 090401t1978 xxu||||| |||| 00| 0 eng d | ||
| 035 | _a(Sirsi) u22413 | ||
| 041 | _aeng | ||
| 050 | _a333.76 | ||
| 100 | _aWhitby, M.C. | ||
| 245 | _aRural resource development: an economic approach | ||
| 250 | _a2nd | ||
| 260 |
_aLondon _bMethuen _c1978 |
||
| 300 | _avii. 303p. 22cm | ||
| 350 | _a10.5 | ||
| 700 | _aWillis, K.G | ||
| 942 | _n0 | ||
| 948 | _c04/03/1997 | ||
| 999 |
_c88180 _d88180 |
||